000
00281nam a2200121 4500
005
20260530113909.0
245
1
0
_a
Vivir en Japón
264
1
_b
TASHEN
_c
1999
300
_a
200 páginas
336
_a
texto
_2
rdacontent
337
_a
sin medio
_2
rdamedia
338
_a
volumen
_2
rdacarrier
999
_c
12053
_d
12053